Statistics for French Overseas Territories and Departments

Click here to take the quiz!

General Stats

  • This quiz has been taken 1,539 times
    (1,538 since last reset)
  • The average score is 7 of 11

Answer Stats

Territory/Department% Correct
Martinique
79%
Réunion
74%
Guadeloupe
73%
French Polynesia
70%
New Caledonia
64%
French Guiana
63%
Saint Martin
57%
Saint Pierre and Miquelon
54%
Mayotte
52%
Wallis and Futuna
43%
Saint Barthélemy
35%

Score Distribution

Percentile by Number Answered

Percent of People with Each Score

Your Score History

You have not taken this quiz since the last reset